000
00306nam a2200145Ia 4500
100
_a
Zamir Saba
942
_c
BK
654
_a
C++
245
_a
C++ Primer for Non Programmers
260
_b
Mc Graw Hill
_a
New york
_c
1995
082
_a
5.133
_b
ZAM
300
_a
331
546
_a
ENGLISH
999
_c
32701
_d
32701